Software engineering

Պահպանված է:
Մատենագիտական մանրամասներ
Հիմնական հեղինակ: SOMMERVILLE, Ian
Ձևաչափ: Գիրք
Լեզու:անգլերեն
Հրապարակվել է: Pearson Education 2015
Ցուցիչներ: Ավելացրեք ցուցիչ
Չկան պիտակներ, Եղեք առաջինը, ով նշում է այս գրառումը!

MARC

LEADER 00000nam a22000007a 4500
008 240422b |||||||| |||| 00| 0 eng d
020 |a 9780137053969 
100 |a SOMMERVILLE, Ian 
245 |a Software engineering  |c / Ian Sommerville  |g xv, 773p;ill 
250 |b 9th 
260 |b Pearson Education  |c 2015  |h Boston  |i 700943  |i 700945  |l QA76.758.So5  |m Software engineering 
500 |a it includes references and index 
942 |a lcc  |c BK  |e Johnson  |f 22/04/24 
952 |0 0  |1 0  |2 lcc  |4 0  |6 QA0076758 S O5  |7 0  |9 5083  |a TL  |b HOL  |c QZ  |d 2024-04-22  |l 0  |o QA76.758.So5  |p 2024-0331  |r 2024-04-22 00:00:00  |t 700943  |w 2024-04-22  |y BK 
952 |0 0  |1 0  |2 lcc  |4 0  |6 QA0076758 S O5  |7 0  |9 5084  |a HOL  |b HOL  |c QZ  |d 2024-04-22  |l 0  |o QA76.758.So5  |p 2024-0333  |r 2024-04-22 00:00:00  |t 700944  |w 2024-04-22  |y BK 
952 |0 0  |1 0  |2 lcc  |4 0  |6 QA0076758 S O5  |7 0  |9 5085  |a HOL  |b HOL  |c QZ  |d 2024-04-22  |l 0  |o QA76.758.So5  |p 2024-0332  |r 2024-04-22 00:00:00  |t 700945  |w 2024-04-22  |y BK 
999 |c 2523  |d 2523